Gesinnungstäter und Strategen: politisch-moralische Denkformen und soziale Lebensräume
| Main Author: | |
|---|---|
| Format: | Print Book |
| Language: | German |
| Published: |
Konstanz
UVK, Univ.-Verlag Konstanz
1996
|
| In: | Year: 1996 |
| Online Access: |
Table of Contents Table of Contents |
| Availability in Tübingen: | Present in Tübingen. IFK: O II 432 |
| Check availability: | HBZ Gateway |
| Subito Delivery Service: | Order now. |
| Keywords: |
MARC
| LEADER | 00000cam a2200000 c 4500 | ||
|---|---|---|---|
| 001 | 195952626 | ||
| 003 | DE-627 | ||
| 005 | 20260206193559.0 | ||
| 007 | tu | ||
| 008 | 960416s1996 gw ||||| 00| ||ger c | ||
| 015 | |a 96,N16,0113 |2 dnb | ||
| 015 | |a 96,A29,0427 |2 dnb | ||
| 016 | 7 | |a 946400091 |2 DE-101 | |
| 020 | |a 3879405581 |c : DM 58.00, sfr 58.00, S 453.00 (kart.) |9 3-87940-558-1 | ||
| 035 | |a (DE-627)195952626 | ||
| 035 | |a (DE-603)056293089 | ||
| 035 | |a (DE-576)051027127 | ||
| 035 | |a (DE-599)GBV195952626 | ||
| 035 | |a (OCoLC)247007228 | ||
| 035 | |a (OCoLC)38924163 | ||
| 035 | |a (DE-604)810716499x | ||
| 040 | |a DE-627 |b ger |c DE-627 |e rakwb | ||
| 041 | |a ger | ||
| 044 | |c XA-DE | ||
| 082 | 0 | |a 301/.01 | |
| 082 | 0 | |a 301.01 |q LoC |2 DDC21oclc | |
| 084 | |a 14 |a 11 |a 16 |a 63 |a 10 |2 sdnb | ||
| 084 | |a MR 7200 |2 rvk |0 (DE-625)rvk/123540: | ||
| 084 | |a 08.45 |2 bkl | ||
| 100 | 1 | |8 1\p |a Vowinckel, Gerhard |d 1946- |0 (DE-588)172436788 |0 (DE-627)697376923 |0 (DE-576)133299325 |4 aut | |
| 109 | |a Vowinckel, Gerhard 1946- | ||
| 245 | 1 | 0 | |a Gesinnungstäter und Strategen |b politisch-moralische Denkformen und soziale Lebensräume |c Gerhard Vowinckel |
| 264 | 1 | |a Konstanz |b UVK, Univ.-Verlag Konstanz |c 1996 | |
| 300 | |a 195 S |c 22 cm | ||
| 336 | |a Text |b txt |2 rdacontent | ||
| 337 | |a ohne Hilfsmittel zu benutzen |b n |2 rdamedia | ||
| 338 | |a Band |b nc |2 rdacarrier | ||
| 490 | 0 | |a UVK Soziologie | |
| 500 | |a Literaturverz. S. 185 - 191 | ||
| 583 | 1 | |a Archivierung/Langzeitarchivierung gewährleistet |f PEBW |x XA-DE-BW |2 pdager |5 DE-31 | |
| 583 | 1 | |a Archivierung prüfen |c 20240324 |f DE-4165 |z 2 |2 pdager | |
| 650 | 0 | 7 | |0 (DE-588)4113286-5 |0 (DE-627)10583047X |0 (DE-576)209475226 |a Denkform |2 gnd |
| 650 | 0 | 7 | |0 (DE-588)4074970-8 |0 (DE-627)106087800 |0 (DE-576)209195908 |a Moralisches Urteil |2 gnd |
| 650 | 0 | 7 | |0 (DE-588)4077624-4 |0 (DE-627)104152036 |0 (DE-576)209205849 |a Soziologie |2 gnd |
| 650 | 4 | |a Erziehung | |
| 650 | 4 | |a Wertewandel | |
| 650 | 4 | |a Ethik/Sittenlehre | |
| 650 | 4 | |a Ethische Argumentation | |
| 650 | 4 | |a Soziologie | |
| 650 | 4 | |a Literaturverzeichnis/Bibliographie | |
| 650 | 4 | |a upbringing | |
| 650 | 4 | |a transformation of values | |
| 650 | 4 | |a Ethics | |
| 650 | 4 | |a ethical argumentation | |
| 650 | 4 | |a Sociology | |
| 650 | 4 | |a Bibliography | |
| 650 | 4 | |a Sozialökologie | |
| 650 | 4 | |a Gesellschaftstheorie | |
| 650 | 4 | |a Soziale Werte | |
| 650 | 4 | |a Moralische Entwicklung | |
| 650 | 4 | |a Ethik | |
| 650 | 4 | |a Werturteil | |
| 655 | 7 | |a Aufsatzsammlung |0 (DE-588)4143413-4 |0 (DE-627)105605727 |0 (DE-576)209726091 |2 gnd-content | |
| 689 | 0 | 0 | |d s |0 (DE-588)4113286-5 |0 (DE-627)10583047X |0 (DE-576)209475226 |a Denkform |2 gnd |
| 689 | 0 | 1 | |d s |0 (DE-588)4074970-8 |0 (DE-627)106087800 |0 (DE-576)209195908 |a Moralisches Urteil |2 gnd |
| 689 | 0 | 2 | |d s |0 (DE-588)4077624-4 |0 (DE-627)104152036 |0 (DE-576)209205849 |a Soziologie |2 gnd |
| 689 | 0 | |5 DE-101 | |
| 856 | 4 | 2 | |u http://www.gbv.de/dms/hbz/toc/ht007173056.pdf |m V:DE-605 |q pdf/application |v 2008-11-15 |x Verlag |y Inhaltsverzeichnis |3 Inhaltsverzeichnis |7 1 |
| 856 | 4 | 2 | |u http://scans.hebis.de/HEBCGI/show.pl?05629308_toc.pdf |m V:DE-605 |q application/pdf |3 Inhaltsverzeichnis |7 1 |
| 883 | |8 1\p |a cgwrk |d 20241001 |q DE-101 |u https://d-nb.info/provenance/plan#cgwrk | ||
| 889 | |w (DE-627)27917103X | ||
| 935 | |i mdedup | ||
| 935 | |i Blocktest | ||
| 936 | r | v | |a MR 7200 |b Werte und Wertsystem, Symbol und Moral |k Soziologie |k Sozialwissenschaftliche Theorien und Methoden |k Kulturelle Ansätze |k Werte und Wertsystem, Symbol und Moral |0 (DE-627)1271143372 |0 (DE-625)rvk/123540: |0 (DE-576)201143372 |
| 936 | b | k | |a 08.45 |j Politische Philosophie |0 (DE-627)10640301X |
| 936 | s | n | |a m200 |2 mzub |
| 936 | s | n | |a c200 |2 mzub |
| 936 | s | n | |a m100 |2 mzub |
| 936 | s | n | |a n100 |2 mzub |
| 936 | s | n | |a c100 |2 mzub |
| 951 | |a BO | ||
| ELC | |b 1 | ||
| LOK | |0 000 xxxxxcx a22 zn 4500 | ||
| LOK | |0 001 3110262789 | ||
| LOK | |0 003 DE-627 | ||
| LOK | |0 004 195952626 | ||
| LOK | |0 005 19981022000000 | ||
| LOK | |0 008 981022||||||||||||||||ger||||||| | ||
| LOK | |0 040 |a DE-21-110 |c DE-627 |d DE-21-110 | ||
| LOK | |0 852 |a DE-21-110 | ||
| LOK | |0 852 1 |c O II 432 |m p |9 00 | ||
| LOK | |0 935 |a k110 | ||
| LOK | |0 936ln |a 7.1 | ||
| LOK | |0 938 |k p | ||
| LOK | |0 939 |a 22-10-98 |b l01 | ||
| ORI | |a SA-MARC-krimdoka001.raw | ||
| SIG | |a IFK: O II 432 | ||
